| 000 | 00462nam a2200169Ia 4500 | ||
|---|---|---|---|
| 008 | 230711s9999||||xx |||||||||||||| ||und|| | ||
| 020 | _a978-93-85915-36-9 | ||
| 041 | _aENG | ||
| 082 |
_a624.183 _bRA-D |
||
| 100 | _aRaju N Krishna | ||
| 245 | 0 |
_aDesign of Reinfroced Concrete Structures _bIS: 456-2000 |
|
| 250 | _a4th Ed. | ||
| 260 |
_c2019 _aNew Delhi _bCBS Publishers & Distributors Pvt.Ltd |
||
| 300 | _a404p. | ||
| 650 | _aCivil Engineering | ||
| 942 | _cBK | ||
| 999 |
_c6914 _d6914 |
||